| 000 | 00847cam a22002777a 4500 | ||
|---|---|---|---|
| 001 | 17810552 | ||
| 005 | 20180109034506.0 | ||
| 008 | 130712s2003 coua b 001 0 eng d | ||
| 010 | _a 2012554939 | ||
| 020 | _a9780895826268 | ||
| 020 | _a0895826267 | ||
| 035 | _a(OCoLC)ocm51935069 | ||
| 040 |
_aYYP _cYYP _dBAKER _dYDXCP _dOCLCO _dDLC |
||
| 041 | _aeng | ||
| 042 | _alccopycat | ||
| 080 | _a611 DAV | ||
| 100 | 1 | _a7 | |
| 101 | _aANA | ||
| 245 | 1 | 2 |
_aA dissection guide & atlas to the fetal pig / _cDavid G. Smith, Michael P. Schenk. |
| 246 | 1 | 4 | _aDissection guide and atlas to the fetal pig |
| 246 | 3 | 0 | _aFetal pig |
| 504 | _aIncludes bibliographical references (p. 117) and index. | ||
| 906 |
_a7 _bcbc _ccopycat _d3 _encip _f20 _gy-gencatlg |
||
| 942 |
_2ddc _cBK |
||
| 999 |
_c39836 _d39836 |
||